| 000 | 00936nam a22002777a 4500 | ||
|---|---|---|---|
| 003 | URS | ||
| 005 | 20260414150233.0 | ||
| 008 | 260315b |||||||| |||| 00| 0 eng d | ||
| 020 | _a978-1-97519-752-0 | ||
| 040 |
_cURS _bEnglish _erda |
||
| 050 | 0 | 0 |
_aRD31 _b.L4351 2025 |
| 100 |
_aLawrence, Peter F., _eauthor. |
||
| 245 | 0 | 0 |
_aEssentials of general surgery and surgical specialties / _c Peter F. Lawrence, Jessica B. O'Connell, Matthew R. Smeds. |
| 250 | _a7th edition. | ||
| 264 |
_aPhiladelphia : _bWolters Kluwer Health, _c©2025. |
||
| 300 |
_axii, 736 pages : _bcolor illustrations ; _c26 cm. |
||
| 336 |
_atext _btxt _2rdacontent |
||
| 337 |
_aunmediated _bn _2rdamedia |
||
| 338 |
_avolume _bnc _2rdacarrier |
||
| 504 | _aIncludes bibliographies and index. | ||
| 650 | 0 | _aSurgery. | |
| 650 | 2 | _aSurgery. | |
| 700 |
_aO'Connell, Jessica B., _eauthor. _96725 |
||
| 700 |
_aSmeds, Matthew R., _eauthor. _96724 |
||
| 942 |
_2lcc _cR |
||
| 999 |
_c99069 _d99066 |
||